[Event "Moscow_Open_19_TurnirA"]
[Site "?"]
[Date "2019.01.28"]
[Round "3.10"]
[White "Suleymenov, Alisher"]
[Black "Korneev, Oleg"]
[Result "1/2-1/2"]
[BlackElo "2545"]
[WhiteElo "2404"]
[LiveChessVersion "1.4.8"]

1. d4 {[%clk 1:18:10]} d5 {[%clk 1:30:30]} 2. c4 {[%clk 1:18:26]} c6
{[%clk 1:24:10]} 3. Nf3 {[%clk 1:18:50]} Nf6 {[%clk 1:24:28]} 4. g3
{[%clk 1:16:03]} Bf5 {[%clk 1:24:20]} 5. Nc3 {[%clk 1:16:29]} e6 {[%clk 1:24:36]}
6. Nh4 {[%clk 1:16:54]} Be4 {[%clk 1:24:41]} 7. f3 {[%clk 1:17:18]} Bg6
{[%clk 1:25:07]} 8. Nxg6 {[%clk 1:14:17]} hxg6 {[%clk 1:23:23]} 9. Qb3
{[%clk 1:14:45]} Qc8 {[%clk 1:18:12]} 10. cxd5 {[%clk 1:00:14]} cxd5
{[%clk 1:15:30]} 11. e4 {[%clk 0:58:58]} Nc6 {[%clk 1:13:45]} 12. Be3
{[%clk 0:51:02]} a6 {[%clk 0:48:44]} 13. Rc1 {[%clk 0:40:55]} dxe4
{[%clk 0:33:53]} 14. fxe4 {[%clk 0:41:02]} Qd7 {[%clk 0:32:47]} 15. Rd1
{[%clk 0:28:12]} Bb4 {[%clk 0:29:42]} 16. Bg2 {[%clk 0:23:02]} Ng4
{[%clk 0:29:09]} 17. Bg1 {[%clk 0:23:14]} e5 {[%clk 0:23:22]} 18. d5
{[%clk 0:08:30]} Nd4 {[%clk 0:22:47]} 19. Bxd4 {[%clk 0:08:54]} exd4
{[%clk 0:23:14]} 20. Qxb4 {[%clk 0:09:20]} dxc3 {[%clk 0:20:14]} 21. Qxc3
{[%clk 0:09:42]} Qd6 {[%clk 0:16:09]} 22. h3 {[%clk 0:07:22]} Ne5
{[%clk 0:16:10]} 23. O-O {[%clk 0:07:50]} O-O {[%clk 0:16:31]} 24. Rc1
{[%clk 0:07:17]} Rac8 {[%clk 0:14:15]} 25. Qxc8 {[%clk 0:05:38]} Rxc8
{[%clk 0:14:42]} 26. Rxc8+ {[%clk 0:06:05]} Kh7 {[%clk 0:15:05]} 27. Rc2
{[%clk 0:05:11]} f6 {[%clk 0:14:22]} 28. Kh2 {[%clk 0:05:25]} g5 {[%clk 0:13:49]}
29. Rff2 {[%clk 0:03:36]} Kg6 {[%clk 0:10:07]} 30. Rf1 {[%clk 0:03:23]} Kh7
{[%clk 0:10:30]} 31. Rff2 {[%clk 0:03:36]} Kg6 {[%clk 0:10:55]} 32. Rf1
{[%clk 0:03:59]} Kh7 {[%clk 0:11:21]} 33. Rff2 {[%clk 0:04:23]} Kg6
{[%clk 0:11:18]} 1/2-1/2

[Event "Moscow_Open_19_TurnirA"]
[Site "?"]
[Date "2019.01.28"]
[Round "3.11"]
[White "Iljiushenok, Ilia"]
[Black "Avalyan, Artur"]
[Result "1/2-1/2"]
[BlackElo "2347"]
[WhiteElo "2533"]
[LiveChessVersion "1.4.8"]

1. e4 {[%clk 1:30:57]} e6 {[%clk 1:30:43]} 2. d4 {[%clk 1:31:23]} d5
{[%clk 1:31:09]} 3. Nc3 {[%clk 1:31:50]} Bb4 {[%clk 1:31:33]} 4. e5
{[%clk 1:32:17]} Ne7 {[%clk 1:31:57]} 5. a3 {[%clk 1:32:44]} Bxc3+
{[%clk 1:32:21]} 6. bxc3 {[%clk 1:33:12]} c5 {[%clk 1:32:28]} 7. Qg4
{[%clk 1:28:39]} Qc7 {[%clk 1:32:43]} 8. Qxg7 {[%clk 1:29:03]} Rg8
{[%clk 1:33:08]} 9. Qxh7 {[%clk 1:29:31]} cxd4 {[%clk 1:33:32]} 10. Ne2
{[%clk 1:29:58]} Nbc6 {[%clk 1:33:54]} 11. f4 {[%clk 1:30:21]} Bd7
{[%clk 1:34:19]} 12. Qd3 {[%clk 1:30:20]} dxc3 {[%clk 1:34:43]} 13. Rg1
{[%clk 1:25:23]} Nf5 {[%clk 1:28:59]} 14. Rb1 {[%clk 1:18:46]} O-O-O
{[%clk 1:12:12]} 15. g4 {[%clk 1:14:42]} Nh4 {[%clk 1:10:21]} 16. Nxc3
{[%clk 1:08:56]} Na5 {[%clk 1:01:14]} 17. Rg3 {[%clk 1:06:26]} Nc4
{[%clk 0:58:27]} 18. Qd4 {[%clk 0:51:34]} Rxg4 {[%clk 0:45:53]} 19. Qxa7
{[%clk 0:50:51]} Rdg8 {[%clk 0:45:29]} 20. Bxc4 {[%clk 0:47:40]} dxc4
{[%clk 0:42:04]} 21. Ne4 {[%clk 0:48:00]} Bc6 {[%clk 0:39:18]} 22. Qa8+
{[%clk 0:18:05]} Qb8 {[%clk 0:39:22]} 23. Nd6+ {[%clk 0:18:27]} Kc7
{[%clk 0:39:31]} 24. Nb5+ {[%clk 0:18:34]} Bxb5 {[%clk 0:38:47]} 25. Qa5+
{[%clk 0:19:00]} b6 {[%clk 0:35:58]} 26. Qxb5 {[%clk 0:19:26]} Rxg3
{[%clk 0:36:16]} 27. hxg3 {[%clk 0:18:57]} Rxg3 {[%clk 0:36:32]} 28. Qxc4+
{[%clk 0:17:32]} Kd7 {[%clk 0:31:03]} 29. Qb5+ {[%clk 0:05:50]} Kc7
{[%clk 0:31:21]} 30. Qc4+ {[%clk 0:01:14]} Kd7 {[%clk 0:31:50]} 31. Qb5+
{[%clk 0:01:41]} Kc7 {[%clk 0:32:14]} 32. Qc4+ {[%clk 0:00:45]} Kd7
{[%clk 0:32:21]} 33. Qb5+ {[%clk 0:00:42]} 1/2-1/2

[Event "Moscow_Open_19_TurnirA"]
[Site "?"]
[Date "2019.01.28"]
[Round "3.12"]
[White "Dvalishvili, Pavel S."]
[Black "Potapov, Pavel"]
[Result "1-0"]
[BlackElo "2516"]
[WhiteElo "2396"]
[LiveChessVersion "1.4.8"]

1. c4 f5 {[%clk 1:30:47]} 2. g3 {[%clk 1:31:17]} Nf6 {[%clk 1:31:11]} 3. Bg2
{[%clk 1:31:44]} g6 {[%clk 1:31:14]} 4. Nc3 {[%clk 1:32:02]} Bg7 {[%clk 1:30:55]}
5. Nf3 {[%clk 1:32:22]} d6 {[%clk 1:31:13]} 6. O-O {[%clk 1:32:38]} O-O
{[%clk 1:31:35]} 7. d3 {[%clk 1:32:58]} e5 {[%clk 1:31:52]} 8. Bg5
{[%clk 1:33:02]} h6 {[%clk 1:29:13]} 9. Bxf6 {[%clk 1:33:30]} Qxf6
{[%clk 1:28:18]} 10. Nd2 {[%clk 1:33:46]} c6 {[%clk 1:26:09]} 11. b4
{[%clk 1:31:21]} Be6 {[%clk 1:23:07]} 12. Nb3 {[%clk 1:28:41]} Qf7
{[%clk 1:16:43]} 13. Rc1 {[%clk 1:28:23]} Na6 {[%clk 1:09:53]} 14. b5
{[%clk 1:27:25]} cxb5 {[%clk 1:08:39]} 15. Nxb5 {[%clk 1:27:48]} Rfd8
{[%clk 1:05:04]} 16. Nc3 {[%clk 1:24:39]} Nc5 {[%clk 1:01:47]} 17. Nxc5
{[%clk 1:01:48]} dxc5 {[%clk 1:02:00]} 18. Qa4 {[%clk 1:02:16]} Kh8
{[%clk 0:34:01]} 19. Qa3 {[%clk 0:56:02]} e4 {[%clk 0:27:50]} 20. dxe4
{[%clk 0:54:31]} Bxc4 {[%clk 0:23:12]} 21. exf5 {[%clk 0:54:51]} gxf5
{[%clk 0:22:37]} 22. Qxc5 {[%clk 0:52:44]} f4 {[%clk 0:18:39]} 23. Qb4
{[%clk 0:46:48]} Rab8 {[%clk 0:14:08]} 24. a4 {[%clk 0:45:29]} b6
{[%clk 0:12:39]} 25. Rfd1 {[%clk 0:42:37]} Rf8 {[%clk 0:12:40]} 26. g4
{[%clk 0:34:54]} f3 {[%clk 0:08:53]} 27. exf3 {[%clk 0:33:06]} a5
{[%clk 0:03:48]} 28. Qd6 {[%clk 0:31:58]} Bb3 {[%clk 0:03:59]} 29. Rd3
{[%clk 0:30:54]} Bf6 {[%clk 0:00:57]} 30. Bf1 {[%clk 0:28:38]} Rbc8
{[%clk 0:00:50]} 31. Qxb6 {[%clk 0:28:01]} Bc4 {[%clk 0:00:46]} 32. Re3
{[%clk 0:27:49]} Bxf1 {[%clk 0:01:00]} 33. Kxf1 {[%clk 0:27:13]} Bg5
{[%clk 0:01:15]} 34. Rce1 {[%clk 0:27:11]} Bxe3 {[%clk 0:00:38]} 35. Rxe3
{[%clk 0:27:40]} Qf6 {[%clk 0:00:40]} 36. Qxa5 {[%clk 0:25:22]} Rc4
{[%clk 0:00:56]} 37. Ne4 {[%clk 0:21:56]} Qa1+ {[%clk 0:01:17]} 38. Re1
{[%clk 0:20:58]} Qd4 {[%clk 0:01:13]} 39. Kg2 {[%clk 0:15:52]} Rxa4
{[%clk 0:01:19]} 40. Qh5 {[%clk 0:45:40]} Ra6 {[%clk 0:30:39]} 41. Ng3
{[%clk 0:44:33]} Qf6 {[%clk 0:24:29]} 42. Qe5 {[%clk 0:39:59]} Qxe5
{[%clk 0:24:24]} 43. Rxe5 {[%clk 0:40:28]} Rb8 {[%clk 0:24:27]} 44. f4
{[%clk 0:39:36]} Rb4 {[%clk 0:23:29]} 45. Nh5 {[%clk 0:38:42]} Ra2
{[%clk 0:21:07]} 46. Re3 {[%clk 0:36:45]} Rbb2 {[%clk 0:21:11]} 47. Rf3
{[%clk 0:37:14]} Kg8 {[%clk 0:21:19]} 48. Nf6+ {[%clk 0:36:36]} Kf7
{[%clk 0:21:44]} 49. Ne4 {[%clk 0:35:38]} Ra4 {[%clk 0:21:26]} 50. Re3
{[%clk 0:34:27]} Rbb4 {[%clk 0:21:08]} 51. Kf3 {[%clk 0:34:55]} h5
{[%clk 0:17:53]} 52. h3 {[%clk 0:34:38]} Kg7 {[%clk 0:16:14]} 53. f5
{[%clk 0:34:48]} Rb2 {[%clk 0:14:47]} 54. Kg3 {[%clk 0:33:59]} hxg4
{[%clk 0:14:38]} 55. hxg4 {[%clk 0:34:28]} Kh6 {[%clk 0:14:29]} 56. f3
{[%clk 0:34:09]} Kg7 {[%clk 0:13:46]} 57. Rc3 {[%clk 0:34:21]} Ra7
{[%clk 0:14:04]} 58. Kf4 {[%clk 0:34:43]} Rb6 {[%clk 0:14:17]} 59. g5
{[%clk 0:34:42]} Rb5 {[%clk 0:13:11]} 60. Kg4 {[%clk 0:34:25]} Rb4
{[%clk 0:13:10]} 61. Rc6 {[%clk 0:33:06]} Rb1 {[%clk 0:12:18]} 62. Rg6+
{[%clk 0:31:14]} Kf8 {[%clk 0:12:38]} 63. Rh6 {[%clk 0:31:30]} Ra3
{[%clk 0:12:03]} 64. g6 {[%clk 0:28:02]} Rg1+ {[%clk 0:12:21]} 65. Kf4
{[%clk 0:28:30]} Rf1 {[%clk 0:12:10]} 66. Rh8+ {[%clk 0:28:39]} Kg7
{[%clk 0:12:15]} 67. Rh7+ {[%clk 0:29:00]} Kf8 {[%clk 0:12:42]} 68. Rh3
{[%clk 0:23:57]} Kg7 {[%clk 0:12:09]} 69. Rg3 {[%clk 0:24:19]} Rh1
{[%clk 0:11:39]} 70. f6+ {[%clk 0:24:47]} Kg8 {[%clk 0:11:50]} 71. f7+
{[%clk 0:24:27]} Kg7 {[%clk 0:11:25]} 72. f8=Q+ {[%clk 0:24:48]} Kxf8
{[%clk 0:11:51]} 73. g7+ {[%clk 0:25:17]} 1-0

[Event "Moscow_Open_19_TurnirA"]
[Site "?"]
[Date "2019.01.28"]
[Round "3.13"]
[White "Khanin, Semen"]
[Black "Dudin, Gleb"]
[Result "1-0"]
[BlackElo "2303"]
[WhiteElo "2514"]
[LiveChessVersion "1.4.8"]

1. e4 {[%clk 1:30:58]} e5 {[%clk 1:26:58]} 2. Nf3 {[%clk 1:31:21]} Nf6
{[%clk 1:27:23]} 3. Nxe5 {[%clk 1:30:19]} d6 {[%clk 1:27:46]} 4. Nf3
{[%clk 1:30:45]} Nxe4 {[%clk 1:28:11]} 5. Qe2 {[%clk 1:28:28]} Qe7
{[%clk 1:28:12]} 6. d3 {[%clk 1:28:54]} Nf6 {[%clk 1:27:56]} 7. Bg5
{[%clk 1:29:17]} Nbd7 {[%clk 1:25:15]} 8. Nc3 {[%clk 1:28:12]} Qxe2+
{[%clk 1:25:14]} 9. Bxe2 {[%clk 1:28:37]} h6 {[%clk 1:25:36]} 10. Bd2
{[%clk 1:27:18]} Nb6 {[%clk 1:21:57]} 11. a4 {[%clk 1:23:14]} a5 {[%clk 0:56:54]}
12. Nb5 {[%clk 1:15:12]} Kd8 {[%clk 0:53:44]} 13. c4 {[%clk 1:11:39]} Nbd7
{[%clk 0:50:58]} 14. d4 {[%clk 1:04:59]} Ne4 {[%clk 0:45:29]} 15. Be3
{[%clk 1:05:01]} c6 {[%clk 0:40:52]} 16. Nc3 {[%clk 1:05:21]} Nxc3
{[%clk 0:40:43]} 17. bxc3 {[%clk 1:05:48]} Be7 {[%clk 0:32:20]} 18. Bd3
{[%clk 1:04:37]} Kc7 {[%clk 0:30:19]} 19. Kd2 {[%clk 1:03:58]} b6
{[%clk 0:28:32]} 20. Rab1 {[%clk 0:54:51]} Ba6 {[%clk 0:22:21]} 21. h4
{[%clk 0:51:32]} Nf6 {[%clk 0:16:37]} 22. Bf4 {[%clk 0:50:51]} c5
{[%clk 0:15:36]} 23. Rb2 {[%clk 0:43:52]} Rhe8 {[%clk 0:10:27]} 24. Rhb1
{[%clk 0:37:15]} Rab8 {[%clk 0:07:58]} 25. Ne5 {[%clk 0:34:18]} Nh5
{[%clk 0:00:32]} 26. Bh2 {[%clk 0:34:27]} cxd4 {[%clk 0:00:37]} 27. cxd4
{[%clk 0:34:35]} Bxh4 {[%clk 0:00:00]} 1-0

[Event "Moscow_Open_19_TurnirA"]
[Site "?"]
[Date "2019.01.28"]
[Round "3.14"]
[White "Bykov, Oleg"]
[Black "Drygalov, Andrey"]
[Result "1/2-1/2"]
[BlackElo "2485"]
[WhiteElo "2395"]
[LiveChessVersion "1.4.8"]

1. c4 {[%clk 1:28:04]} e5 {[%clk 1:30:36]} 2. Nc3 {[%clk 1:28:30]} Nf6
{[%clk 1:29:30]} 3. g3 {[%clk 1:28:54]} Bb4 {[%clk 1:29:43]} 4. Bg2
{[%clk 1:28:24]} O-O {[%clk 1:29:22]} 5. Nf3 {[%clk 1:28:50]} Nc6
{[%clk 1:29:08]} 6. Nd5 {[%clk 1:23:32]} e4 {[%clk 1:25:54]} 7. Nh4
{[%clk 1:22:54]} Re8 {[%clk 1:24:03]} 8. Nxb4 {[%clk 1:12:51]} Nxb4
{[%clk 1:24:21]} 9. a3 {[%clk 1:11:14]} Nc6 {[%clk 1:23:50]} 10. Nf5
{[%clk 0:55:52]} d5 {[%clk 1:22:13]} 11. cxd5 {[%clk 0:55:09]} Qxd5
{[%clk 1:22:26]} 12. Ne3 {[%clk 0:55:34]} Qh5 {[%clk 1:22:52]} 13. b4
{[%clk 0:51:11]} Bh3 {[%clk 1:18:22]} 14. Bb2 {[%clk 0:48:10]} Bxg2
{[%clk 1:14:07]} 15. Nxg2 {[%clk 0:48:33]} Ne5 {[%clk 1:14:35]} 16. Nf4
{[%clk 0:47:44]} Qf5 {[%clk 1:14:27]} 17. O-O {[%clk 0:39:07]} g5
{[%clk 0:48:01]} 18. Bxe5 {[%clk 0:39:09]} Rxe5 {[%clk 0:46:07]} 19. Ng2
{[%clk 0:37:00]} Qh3 {[%clk 0:46:22]} 20. Ne3 {[%clk 0:29:18]} Ng4
{[%clk 0:46:25]} 21. Nxg4 {[%clk 0:29:40]} Qxg4 {[%clk 0:46:52]} 22. f3
{[%clk 0:22:59]} exf3 {[%clk 0:47:03]} 23. Rxf3 {[%clk 0:23:22]} Rd8
{[%clk 0:46:00]} 24. Rc1 {[%clk 0:20:05]} c6 {[%clk 0:42:46]} 25. d3
{[%clk 0:19:52]} Qd4+ {[%clk 0:40:22]} 26. Kh1 {[%clk 0:17:36]} Qb2
{[%clk 0:38:19]} 27. Rc2 {[%clk 0:16:35]} Qxa3 {[%clk 0:37:07]} 28. Qd2
{[%clk 0:16:27]} a5 {[%clk 0:32:26]} 29. bxa5 {[%clk 0:15:05]} Qxa5
{[%clk 0:32:03]} 30. Qc1 {[%clk 0:14:00]} Rf5 {[%clk 0:10:08]} 31. Rxf5
{[%clk 0:12:07]} Qxf5 {[%clk 0:10:33]} 32. Kg2 {[%clk 0:11:18]} h6
{[%clk 0:09:57]} 33. h4 {[%clk 0:09:23]} Qe5 {[%clk 0:09:25]} 34. hxg5
{[%clk 0:09:27]} Qxg5 {[%clk 0:09:30]} 35. Qb2 {[%clk 0:09:03]} Qd5+
{[%clk 0:09:23]} 36. Kh2 {[%clk 0:09:32]} Qh5+ {[%clk 0:09:16]} 37. Kg2
{[%clk 0:09:43]} Qd5+ {[%clk 0:09:41]} 38. Kh2 {[%clk 0:10:09]} b5
{[%clk 0:07:40]} 39. Qb4 {[%clk 0:08:29]} Qh5+ {[%clk 0:07:58]} 40. Kg2
{[%clk 0:38:51]} Qd5+ {[%clk 0:34:50]} 41. Kh2 {[%clk 0:39:08]} Qh5+
{[%clk 0:34:18]} 42. Kg2 {[%clk 0:39:24]} Rd5 {[%clk 0:33:59]} 43. Qe7
{[%clk 0:35:31]} Re5 {[%clk 0:29:33]} 44. Qd8+ {[%clk 0:35:57]} Kg7
{[%clk 0:27:16]} 45. e4 {[%clk 0:35:18]} c5 {[%clk 0:26:34]} 46. Rf2
{[%clk 0:35:02]} Qg6 {[%clk 0:26:55]} 47. Qb8 {[%clk 0:34:09]} Qe6
{[%clk 0:19:47]} 1/2-1/2

[Event "Moscow_Open_19_TurnirA"]
[Site "?"]
[Date "2019.01.28"]
[Round "3.15"]
[White "Zakhartsov, Vladimir"]
[Black "Tsybikov, Tumen"]
[Result "1-0"]
[BlackElo "2290"]
[WhiteElo "2483"]
[LiveChessVersion "1.4.8"]

1. c4 {[%clk 1:12:03]} c5 {[%clk 1:30:51]} 2. Nf3 {[%clk 1:12:26]} g6
{[%clk 1:30:28]} 3. d4 {[%clk 1:12:50]} Bg7 {[%clk 1:30:54]} 4. e4
{[%clk 1:13:09]} d6 {[%clk 1:31:10]} 5. d5 {[%clk 1:13:31]} e6 {[%clk 1:30:02]}
6. Nc3 {[%clk 1:13:12]} Ne7 {[%clk 1:30:00]} 7. Be2 {[%clk 1:08:37]} h6
{[%clk 1:21:47]} 8. dxe6 {[%clk 1:03:23]} Bxe6 {[%clk 1:21:44]} 9. Nb5
{[%clk 1:03:10]} Nc8 {[%clk 1:17:24]} 10. Bf4 {[%clk 1:03:19]} O-O
{[%clk 1:02:59]} 11. O-O {[%clk 1:02:44]} Bxb2 {[%clk 0:58:13]} 12. Bxh6
{[%clk 1:02:51]} a6 {[%clk 0:48:04]} 13. Bxf8 {[%clk 1:02:39]} Bxa1
{[%clk 0:46:57]} 14. Qxa1 {[%clk 0:56:05]} Kxf8 {[%clk 0:46:55]} 15. Nc3
{[%clk 0:56:15]} Nd7 {[%clk 0:45:20]} 16. Nd5 {[%clk 0:54:53]} Kg8
{[%clk 0:43:28]} 17. Qc1 {[%clk 0:54:48]} Bxd5 {[%clk 0:33:55]} 18. cxd5
{[%clk 0:55:03]} Nf6 {[%clk 0:34:17]} 19. Ng5 {[%clk 0:52:47]} Qe7
{[%clk 0:31:27]} 20. Bd3 {[%clk 0:50:58]} b5 {[%clk 0:24:35]} 21. f4
{[%clk 0:50:41]} Nb6 {[%clk 0:24:14]} 22. Rf3 {[%clk 0:48:07]} Re8
{[%clk 0:20:27]} 23. Qf1 {[%clk 0:46:37]} Nh5 {[%clk 0:17:06]} 24. h4
{[%clk 0:46:31]} Nd7 {[%clk 0:16:54]} 25. e5 {[%clk 0:38:58]} dxe5
{[%clk 0:14:03]} 26. f5 {[%clk 0:39:26]} Nf4 {[%clk 0:11:00]} 27. fxg6
{[%clk 0:37:32]} fxg6 {[%clk 0:11:20]} 28. Be4 {[%clk 0:36:29]} Qd6
{[%clk 0:06:05]} 29. g3 {[%clk 0:35:48]} Nh5 {[%clk 0:05:41]} 30. Nf7
{[%clk 0:33:04]} Qb6 {[%clk 0:06:05]} 31. d6 {[%clk 0:31:01]} c4+
{[%clk 0:05:05]} 32. Kh2 {[%clk 0:30:59]} Kg7 {[%clk 0:04:35]} 33. Qc1
{[%clk 0:31:20]} Nf4 {[%clk 0:02:48]} 34. Ng5 {[%clk 0:26:04]} Qxd6
{[%clk 0:00:31]} 35. gxf4 {[%clk 0:26:23]} exf4 {[%clk 0:00:57]} 36. Qxf4
{[%clk 0:26:07]} Ne5 {[%clk 0:01:08]} 37. Kg2 {[%clk 0:24:36]} b4
{[%clk 0:00:50]} 38. Nf7 {[%clk 0:24:16]} Qc7 {[%clk 0:00:40]} 39. Qh6+
{[%clk 0:24:40]} 1-0

[Event "Moscow_Open_19_TurnirA"]
[Site "?"]
[Date "2019.01.28"]
[Round "3.16"]
[White "Timofeev, Artyom"]
[Black "Krasikov, Vladislav"]
[Result "1-0"]
[BlackElo "2218"]
[WhiteElo "2592"]
[LiveChessVersion "1.4.8"]

1. e4 {[%clk 1:30:57]} c5 {[%clk 1:30:02]} 2. Nf3 {[%clk 1:31:18]} d6
{[%clk 1:30:27]} 3. d4 {[%clk 1:31:30]} cxd4 {[%clk 1:30:51]} 4. Nxd4
{[%clk 1:31:56]} Nf6 {[%clk 1:31:17]} 5. Nc3 {[%clk 1:32:19]} a6 {[%clk 1:31:42]}
6. Be3 {[%clk 1:32:39]} e5 {[%clk 1:32:07]} 7. Nf3 {[%clk 1:33:01]} Be7
{[%clk 1:32:07]} 8. Bc4 {[%clk 1:33:21]} O-O {[%clk 1:31:47]} 9. O-O
{[%clk 1:33:43]} Be6 {[%clk 1:26:50]} 10. Qe2 {[%clk 1:33:17]} h6
{[%clk 1:24:58]} 11. Rfd1 {[%clk 1:26:53]} Qc7 {[%clk 1:23:15]} 12. Bb3
{[%clk 1:26:50]} Nc6 {[%clk 1:12:09]} 13. Nh4 {[%clk 1:25:07]} Na5
{[%clk 1:01:17]} 14. Nf5 {[%clk 1:22:22]} Bxf5 {[%clk 0:57:46]} 15. exf5
{[%clk 1:22:47]} Nxb3 {[%clk 0:58:10]} 16. cxb3 {[%clk 1:23:12]} Rfd8
{[%clk 0:50:48]} 17. Qf3 {[%clk 1:21:53]} Qc6 {[%clk 0:47:19]} 18. Nd5
{[%clk 1:21:45]} Nxd5 {[%clk 0:46:47]} 19. Rxd5 {[%clk 1:22:09]} Rac8
{[%clk 0:45:23]} 20. Rad1 {[%clk 1:21:57]} Kh7 {[%clk 0:36:21]} 21. Qh5
{[%clk 1:21:05]} Qe8 {[%clk 0:35:14]} 22. h3 {[%clk 1:19:23]} Rc6
{[%clk 0:31:13]} 23. a4 {[%clk 1:19:00]} Bf6 {[%clk 0:26:36]} 24. b4
{[%clk 1:19:16]} Rc4 {[%clk 0:24:46]} 25. Rxd6 {[%clk 1:17:38]} Rxd6
{[%clk 0:24:55]} 26. Rxd6 {[%clk 1:18:02]} Rh4 {[%clk 0:21:19]} 27. Qd1
{[%clk 1:17:04]} Rxb4 {[%clk 0:20:16]} 28. b3 {[%clk 1:16:53]} Qe7
{[%clk 0:06:08]} 29. Rd7 {[%clk 1:12:10]} Rd4 {[%clk 0:06:32]} 30. Qxd4
{[%clk 1:12:33]} exd4 {[%clk 0:06:58]} 31. Rxe7 {[%clk 1:12:56]} Bxe7
{[%clk 0:07:25]} 32. Bxd4 {[%clk 1:13:20]} g6 {[%clk 0:06:20]} 33. fxg6+
{[%clk 1:07:15]} Kxg6 {[%clk 0:06:42]} 34. Kf1 {[%clk 1:07:41]} Kf5
{[%clk 0:04:27]} 35. Ke2 {[%clk 1:06:31]} Ke4 {[%clk 0:04:36]} 36. Bb6
{[%clk 1:06:37]} h5 {[%clk 0:01:54]} 37. f3+ {[%clk 1:06:47]} Kd5
{[%clk 0:01:55]} 38. Ke3 {[%clk 1:01:08]} f5 {[%clk 0:00:47]} 39. Kf4
{[%clk 1:00:55]} Ke6 {[%clk 0:01:16]} 40. g4 {[%clk 1:27:59]} fxg4
{[%clk 0:31:38]} 41. fxg4 {[%clk 1:28:14]} hxg4 {[%clk 0:32:02]} 42. Kxg4
{[%clk 1:27:38]} Kd5 {[%clk 0:18:14]} 43. h4 {[%clk 1:26:45]} Kc6
{[%clk 0:03:35]} 44. a5 {[%clk 1:26:50]} Bb4 {[%clk 0:03:08]} 45. h5
{[%clk 1:26:55]} Bd2 {[%clk 0:03:07]} 46. Kf5 {[%clk 1:27:14]} Kb5
{[%clk 0:03:31]} 47. Bd8 {[%clk 1:26:26]} Kb4 {[%clk 0:03:19]} 48. Bg5
{[%clk 1:26:38]} 1-0

[Event "Moscow_Open_19_TurnirA"]
[Site "?"]
[Date "2019.01.29"]
[Round "4.1"]
[White "Khanin, Semen"]
[Black "Ponkratov, Pavel"]
[Result "1/2-1/2"]
[BlackElo "2630"]
[WhiteElo "2514"]
[LiveChessVersion "1.4.8"]

1. e4 {[%clk 1:30:58]} e5 {[%clk 1:26:09]} 2. Bc4 {[%clk 1:31:24]} Nf6
{[%clk 1:26:07]} 3. d3 {[%clk 1:31:50]} Bc5 {[%clk 1:25:02]} 4. Nf3
{[%clk 1:32:14]} d6 {[%clk 1:25:27]} 5. c3 {[%clk 1:32:12]} O-O {[%clk 1:25:28]}
6. O-O {[%clk 1:32:12]} Bb6 {[%clk 1:24:01]} 7. Bb3 {[%clk 1:30:11]} Be6
{[%clk 1:23:12]} 8. Bc2 {[%clk 1:29:32]} Nbd7 {[%clk 1:22:09]} 9. h3
{[%clk 1:28:45]} h6 {[%clk 1:22:26]} 10. Re1 {[%clk 1:26:13]} Re8
{[%clk 1:22:46]} 11. d4 {[%clk 1:25:31]} c6 {[%clk 1:22:53]} 12. Be3
{[%clk 1:23:08]} d5 {[%clk 1:09:07]} 13. dxe5 {[%clk 1:16:33]} dxe4
{[%clk 1:09:30]} 14. exf6 {[%clk 1:10:42]} exf3 {[%clk 1:09:55]} 15. fxg7
{[%clk 1:07:06]} Bd5 {[%clk 0:45:20]} 16. c4 {[%clk 0:52:59]} Rxe3
{[%clk 0:24:36]} 17. Rxe3 {[%clk 0:50:24]} Qg5 {[%clk 0:24:59]} 18. Rxf3
{[%clk 0:46:13]} Bxf3 {[%clk 0:24:40]} 19. Qxf3 {[%clk 0:46:40]} Qc1+
{[%clk 0:25:03]} 20. Qd1 {[%clk 0:47:07]} Qxb2 {[%clk 0:25:28]} 21. Nd2
{[%clk 0:46:46]} Nf6 {[%clk 0:08:37]} 22. Rb1 {[%clk 0:36:28]} Qd4
{[%clk 0:03:29]} 23. Ne4 {[%clk 0:36:24]} Qxd1+ {[%clk 0:03:52]} 24. Rxd1
{[%clk 0:36:48]} Nxe4 {[%clk 0:04:18]} 25. Bxe4 {[%clk 0:37:13]} Rd8
{[%clk 0:04:45]} 26. Rxd8+ {[%clk 0:37:32]} Bxd8 {[%clk 0:05:11]} 27. Bf5
{[%clk 0:35:21]} b5 {[%clk 0:05:35]} 28. cxb5 {[%clk 0:35:22]} cxb5
{[%clk 0:06:02]} 29. f4 {[%clk 0:35:22]} Kxg7 {[%clk 0:06:28]} 30. Kf2
{[%clk 0:35:46]} Kf6 {[%clk 0:06:55]} 31. g4 {[%clk 0:36:13]} b4 {[%clk 0:07:22]}
32. Ke3 {[%clk 0:36:34]} Kg7 {[%clk 0:07:48]} 33. Ke4 {[%clk 0:36:55]} Bc7
{[%clk 0:08:15]} 34. Bd7 {[%clk 0:37:03]} Bd6 {[%clk 0:08:40]} 35. Bc6
{[%clk 0:37:28]} Bc7 {[%clk 0:09:06]} 36. Bd7 {[%clk 0:37:55]} Bd6
{[%clk 0:09:32]} 37. Bc6 {[%clk 0:38:16]} Bc7 {[%clk 0:09:59]} 38. Bd7
{[%clk 0:38:44]} Bd6 {[%clk 0:10:24]} 39. Bc6 {[%clk 0:39:12]} Bc7
{[%clk 0:10:49]} 40. Bd7 {[%clk 1:09:39]} Bd6 {[%clk 0:41:16]} 1/2-1/2